MARC
|
|
|
|
| LEADER |
00000nam0a2200000 4500 |
| 001 |
115112 |
| 005 |
20231101215234.0 |
| 035 |
|
|
|a (RuTPU)RU\TPU\book\124495
|
| 090 |
|
|
|a 115112
|
| 100 |
|
|
|a 20070503d1978 m y0rusy50 ca
|
| 101 |
1 |
|
|a rus
|c fre
|
| 102 |
|
|
|a BY
|
| 105 |
|
|
|a a z 000ay
|
| 200 |
1 |
|
|a Воспитание чувств
|e Роман
|f Г. Флобер
|g пер. с фр. А. Федоров; авт. предисл. Л. Андреев
|
| 210 |
|
|
|a Минск
|c Вышэйшая школа
|d 1978
|
| 215 |
|
|
|a 432 с.
|c ил.
|
| 600 |
|
1 |
|a Флобер
|b Г.
|c французский писатель, романист
|f 1821-1880
|g Гюстав
|2 stltpush
|3 (RuTPU)RU\TPU\pers\15870
|9 5535
|
| 610 |
1 |
|
|a французская литература
|
| 610 |
1 |
|
|a романы
|
| 675 |
|
|
|a 84
|v 3
|
| 700 |
|
1 |
|a Флобер
|b Г.
|c французский писатель, романист
|f 1821-1880
|g Гюстав
|2 stltpush
|3 (RuTPU)RU\TPU\pers\15870
|9 5535
|
| 702 |
|
1 |
|a Федоров
|b А.
|4 730
|
| 702 |
|
1 |
|a Андреев
|b Л.
|4 080
|
| 801 |
|
1 |
|a RU
|b 63413507
|c 20070503
|g PSBO
|
| 801 |
|
2 |
|a RU
|b 63413507
|c 20070816
|g PSBO
|
| 942 |
|
|
|c BK
|